| 000 | 00911nam a2200265Ia 4500 | ||
|---|---|---|---|
| 003 | OSt | ||
| 005 | 20221005111140.0 | ||
| 006 | a|||||r|||| 00| 0 | ||
| 007 | ta | ||
| 008 | 221004b |||||||| |||| 00| 0 ben d | ||
| 020 |
_a8181431405 (hbk) _c150 |
||
| 024 | _a11921 | ||
| 037 |
_b344, 20/03/2014, Vani Prakashan _cTextual |
||
| 040 |
_aCRL _cCRL _bben |
||
| 041 |
_2ben _aben |
||
| 082 | _aO157,3N26, 152P4 | ||
| 100 | _aमहाश्वेता देवी | ||
| 245 | 0 | _aएक और विभाजन | |
| 246 | _aEk aur vibhājana | ||
| 260 |
_aनई दिल्ली _bवाणी प्रकाशन भारत _c2004 |
||
| 300 |
_a93पृ0 _ccm. |
||
| 650 | _aहिन्दी साहित्य | ||
| 942 |
_hO157,3N26, 152P4 _cTEXL _2cc |
||
| 999 |
_c1020961 _d1020961 |
||